Crisis en el mercado de madera /
Expone el problema de la crisis en el mercado de la madera, ocacionado, fundamentalmente, por dos variables: la explotación no planifoicada de los bosques y las medidas políticas de suspensión de los permisos de explotación de la madera. Evalua los efectos de la crisis sobre el empleo y la vivienda,...
Αποθηκεύτηκε σε:
| Κύριος συγγραφέας: | |
|---|---|
| Μορφή: | Κείμενο |
| Θέματα: | |
| Ετικέτες: |
Προσθήκη ετικέτας
Δεν υπάρχουν, Καταχωρήστε ετικέτα πρώτοι!
|
MARC
| LEADER | 00000 a a2200000 04500 | ||
|---|---|---|---|
| 001 | 1642 | ||
| 003 | |||
| 040 | |||
| 100 | |a Jiménez M, Wilberth | ||
| 245 | |a Crisis en el mercado de madera / |c Wilberth Jiménez M | ||
| 520 | |a Expone el problema de la crisis en el mercado de la madera, ocacionado, fundamentalmente, por dos variables: la explotación no planifoicada de los bosques y las medidas políticas de suspensión de los permisos de explotación de la madera. Evalua los efectos de la crisis sobre el empleo y la vivienda, y las posibles consecuencias sobre los precios y la explotación ilegal de maderas. Ello requiere de una pronta e integrada solución entre el Estado y los beneficiarios privados. CEM/mb | ||
| 650 | |a EXPLOTACION DE RECURSOS | ||
| 650 | |a EXPLOTACION | ||
| 650 | |a EXPLOTACION FORESTAL | ||
| 650 | |a SOBREEXPLOTACION | ||
| 650 | |a PLANTACION FORESTAL | ||
| 650 | |a INDUSTRIA FORESTAL | ||
| 650 | |a ECONOMIA FORESTAL | ||
| 650 | |a MADERA | ||
| 650 | |a INDUSTRIA DE LA MADERA | ||
| 650 | |a PRODUCCION DE LA MADERA | ||
| 773 | |g número 35; páginas 11-12 | ||
| 999 | |c 37922 |d 37922 | ||
